| 000 | 00000nam 2200000zi 4500 |
| 001 | 9.945539 |
| 003 | CaOODSP |
| 005 | 20241125142045 |
| 006 | m o d f |
| 007 | cr bn||||||||| |
| 008 | 241125e197609##oncd ob f000 0 eng d |
| 040 | |aCaOODSP|beng|erda|cCaOODSP |
| 041 | 0 |aeng|beng|bfre |
| 086 | 1 |aEn36-522/140-1976E-PDF |
| 100 | 1 |aLau, Y. L., |eauthor. |
| 245 | 10|aEffect of friction factor and aspect ratio on transverse dispersion in rectangular channels / |cby Y.L. Lau and B.G. Krishnappen. |
| 264 | 1|a[Burlington, Ontario] : |bCanada Centre for Inland Waters, Hydraulics Research Division, |cSeptember 1976. |
| 300 | |a1 online resource (19 pages, 9 unnumbered pages) : |bgraphs. |
| 336 | |atext|btxt|2rdacontent |
| 337 | |acomputer|bc|2rdamedia |
| 338 | |aonline resource|bcr|2rdacarrier |
| 490 | 1 |aUnpublished report |
| 500 | |a"This manuscript has been submitted for publication in the Journal of the Hydraulics Division, ASCE, and the contents are subject to change." |
| 500 | |aDigitized edition from print [produced by Environment and Climate Change Canada]. |
| 504 | |aIncludes bibliographical references (pages 17-18). |
| 520 | |a"The calculation of the spreading rate of materials and their concentration in natural rivers is usually based on solutions of the mass conservation equation. Analytical solutions exist for uniform flows in straight channels while more complicated stream geometries or flow conditions can be handled by numerical methods. However, the accuracy of these solutions depends on having correct values for the turbulent mixing coefficients"--Introduction, page 1. |
| 546 | |aIncludes abstracts in English and French. |
| 650 | 0|aRiver channels|xExperiments. |
| 650 | 0|aChannels (Hydraulic engineering)|xMathematical models. |
| 650 | 6|aChenaux|xExpériences. |
| 650 | 6|aCanaux (Technologie hydraulique)|xModèles mathématiques. |
| 710 | 2 |aCanada Centre for Inland Waters. |bHydraulics Research Division, |eissuing body. |
| 830 | #0|aUnpublished report (Canada Centre for Inland Waters)|w(CaOODSP)9.881827 |
| 856 | 40|qPDF|s1.25 MB|uhttps://publications.gc.ca/collections/collection_2024/eccc/en36/En36-522-140-1976-eng.pdf |